000 00552nam a2200205Ia 4500
003 OSt
005 20220926045349.0
006 a|||||r|||| 00| 0
007 ta
008 220923b |||||||| |||| 00| 0 eng d
037 _cGeneral Book
040 _aRTL
_cRTL
_beng
041 _2eng
_aeng
082 _aX.677.N7, M0/UN
100 _aIkram Khalid
_9350141
245 0 _aEgypt
_b Economic Management in a period of transiti
260 _c1980
942 _hX.677.N7, M0/UN
_cGB
_2CC
999 _c677452
_d677452